00659nam a2200157Ia 4500008004100000100002300041245006500064245012500129260005300254260001800307300000800325650001500333856006100348999001900409952007300428170221s9999 xx 000 0 und d aIuliia I. Doronina aHuman Resource Management Features of an Innovative Cluster  cIuliia I. Doronina, Natalia N. Kulikova, Oleg A. Razzhivin, Yuri Y. Kostyukhin, Dmitry S. Silnov, Natalya A. Sadovnikova bInternational Review of Management and Marketing cDecember 2014 a6:2 xMarketing. uhttp://www.econjournals.com/index.php/irmm/issue/view/86 c310173d310173 001040aCLbCLd2017-02-21l0r2017-02-21 00:00:00w2017-02-21yFOJ